| 000 | 01107pam a2200313 a 4500 | ||
|---|---|---|---|
| 001 | 2580881 | ||
| 003 | OSt | ||
| 005 | 20140310182756.0 | ||
| 008 | 961018s1997 njua b 001 0 eng | ||
| 010 | _a 96037161 | ||
| 020 | _a0134619714 | ||
| 040 |
_aDLC _cDLC _dDLC |
||
| 050 | 0 | 0 |
_aT 353 _b.G455 1974 |
| 082 | 0 | 0 |
_aM 604.2 _bT22 1974 |
| 245 | 0 | 0 |
_aTechnical drawing / _cGiesecke, Frederick E. ... [et al.]. |
| 250 | _a10th ed. | ||
| 260 |
_aNew York : _bMacmillan Publishing Co., Inc. _cc1974 |
||
| 300 |
_a1 v. (various pagings) : _bill. (some col.) ; _c27 cm. |
||
| 504 | _aIncludes bibliographical references and index. | ||
| 521 | _acollege students | ||
| 526 | _c1210L to 17000L | ||
| 541 | _j1 | ||
| 562 | _efor circulation : 1 copy available in the collection | ||
| 650 | 0 | _aMechanical drawing. | |
| 700 | 1 |
_aGiesecke, Frederick E. _q(Frederick Ernest), _d1869-1953. |
|
| 906 |
_a7 _bcbc _corignew _d1 _eocip _f19 _gy-gencatlg |
||
| 942 |
_2lcc _cBK _kM |
||
| 999 |
_c15850 _d15850 |
||